Topics in classical automorphic forms /

Guardado en:
Autor Principal: Iwaniec, Henryk.
Formato: Libro
Idioma:English
Publicado: Providence, R.I. : American Mathematical Society, c1997.
Series:Graduate studies in mathematics ; v. 17
Etiquetas: Agregar Etiqueta
Sin Etiquetas, Sea el primero en etiquetar este registro!
LEADER 01162nam a22002055a 4500
001 MAT.inmabb000048
008 970602s1997####riua#####b####001#0#eng##
005 20130227123059.0
245 1 0 |a Topics in classical automorphic forms /  |c Henryk Iwaniec. 
260 |a Providence, R.I. :  |b American Mathematical Society,  |c c1997. 
300 |a xii, 259 p. :  |b il. ;  |c 27 cm. 
440 0 |a Graduate studies in mathematics ;  |v v. 17 
504 |a Incluye referencias bibliográficas (p. 255-256) e índice. 
505 0 |a 1. The classical modular forms -- 2. Automorphic forms in general -- 3. The Eisenstein and the Poincaré series -- 4. Kloosterman sums -- 5. Bounds for the Fourier coefficients of cusp forms -- 6. Hecke operators -- 7. Automorphic $L$-functions -- 8. Cusp forms associated with elliptic curves -- 9. Spherical functions -- 10. Theta functions -- 11. Representations by quadratic forms -- 12. Automorphic forms associated with number fields -- 13. Convolution $L$-functions. 
510 4 |a MR,  |c 98e:11051 
020 |a 0821807773 
100 1 |a Iwaniec, Henryk. 
084 |a 11Fxx (11-02)  |2 msc2000 
010 |a  97024332  
859 |h 11  |i Iw96  |p A-7746  |b BIB. MATEMATICA